000
00345nam a2200145Ia 4500
008
240624s9999 xx 000 0 und d
041
_a
eng
082
_a
153.46 CHA
100
_a
CHATER NICK
245
_a
JUDGEMENT AND DECISION MAKING
260
_c
2009
_a
London
_b
Sage
300
_a
xxxix, 348 p.; 23 cm.
365
_c
BPS
_b
38
440
_v
2
999
_c
30411
_d
30411